000 00473nam a2200181Ia 4500
001 9591
005 20260306161729.0
008 260306t2007||||xx |||||||||||||| ||spa||
041 _aESP
082 _a382.41
_bS24
100 _aSánchez Navarrete, Angeline Marjorie
_eAUT
245 0 _aCooperación empresarial para la exportación de uva de mesa
260 _c2007
300 _a153 páginas :
_c24 cm.
650 _aGEN
654 _aCAN
942 _cLIB
_dJUS
_fJUS
_2ddc
_n
999 _c9591
_d9591